| 000 | 01083 a2200253 4500 | ||
|---|---|---|---|
| 003 | Nust | ||
| 005 | 20170207154033.0 | ||
| 010 | _a 2002025250 | ||
| 020 | _a0596001843 | ||
| 040 | _cNust | ||
| 082 | 0 | 0 | _a005.133 |
| 100 | 1 | _aTilly, Jesse. | |
| 245 | 1 | 0 |
_aAnt: the definitive guide (E-BOOK) _cJesse Tilly and Eric M. Burke. |
| 250 | _a1st d. | ||
| 260 |
_aBeijing ; _aCambridge, Mass. : _bO'Reilly, _c2002. |
||
| 300 |
_axviii, 269 p. ; _c24 cm. |
||
| 505 | _aAnt Jumpstart (Page-10) Installation and Configuration (Page-18) The Buildfile (Page-28) User-Written Tasks (Page-80) User-Written Listeners (Page-109) Core Tasks (Page-117) Optional Tasks (Page-212) | ||
| 650 | 0 | _aJava (Computer program language) | |
| 651 | _aE-BOOK | ||
| 700 | 1 | _aBurke, Eric M. | |
| 856 | 4 | 2 |
_3Contributor biographical information _uhttp://www.loc.gov/catdir/enhancements/fy0913/2002025250-b.html |
| 856 | 4 | 2 |
_3Publisher description _uhttp://www.loc.gov/catdir/enhancements/fy0915/2002025250-d.html |
| 856 | 4 | 2 |
_3Table of contents only _uhttp://www.loc.gov/catdir/enhancements/fy1009/2002025250-t.html |
| 942 |
_2ddc _cBK |
||
| 999 |
_c192255 _d192255 |
||